| 000 | 00498nam a22001937a 4500 | ||
|---|---|---|---|
| 005 | 20260420102553.0 | ||
| 008 | 260420b |||||||| |||| 00| 0 eng d | ||
| 020 |
_a9789358491630 _c290.00 |
||
| 040 | _aMAIN | ||
| 041 | _aasm | ||
| 082 |
_a370.1 _bDEK |
||
| 100 | _aDeka, Nabanita | ||
| 245 |
_aশিক্ষাৰ ভিত্তি-২ _cBy Nabanita Deka. |
||
| 250 | _a1st ed. | ||
| 260 |
_aDibrugarh: _bBanalata; _c2024. |
||
| 300 | _a390p. | ||
| 650 | _aEducation | ||
| 942 |
_2ddc _cBK |
||
| 999 |
_c16386 _d16386 |
||